000 00809nam a22002537a 4500
001 39910
003 UA-OsUOA
005 20260206104709.0
007 ta
008 20060705b un ||||| |||| 00| 0 ukr d
020 _a5325005898
040 _aUA-OsUOA
_bukr
_cUA-OsUOA
_dUA-OsUOA
041 _aukr
080 _a008(091)(477)
090 _a008(091)(477)
_bІ-90
245 _aІсторія української культури
_cза ред. Івана Крип'якевича
260 _aК.
_bЛибідь
_c1994
300 _a656 с.
650 7 _a008 Цивілізація. Культура. Прогрес
_2UDC
_92214
700 1 _aКрип'якевич І.
_eред.
_920750
942 _cBK
_2udc
955 _a2
999 _c326051
_d326051